NDT: nephrology dialysis transplantation (Record no. 38504)

MARC details
000 -LEADER
fixed length control field 00456nam a2200157Ia 4500
022 ## - INTERNATIONAL STANDARD SERIAL NUMBER
ISSN 09310509
050 ## - CALL MARK
Classification number RC 918.R4 .N47/
245 #0 - TITLE STATEMENT
Title NDT: nephrology dialysis transplantation
260 ## - PUBLICATION, DISTRIBUTION, ETC. (IMPRINT)
Name of publisher Blackwell publishing
260 ## - PUBLICATION, DISTRIBUTION, ETC. (IMPRINT)
Year of publication 2008
300 ## - PHYSICAL DESCRIPTION
Number of Pages iii, 151- 4241 p. : ill. ; 25- 28 cm.
650 ## - SUBJECT ADDED ENTRY--TOPICAL TERM
Topical Term Nephrology--Periodicals. Kidneys--Diseases--Periodicals
942 ## - ADDED ENTRY ELEMENTS (KOHA)
Koha item type Serials

No items available.